|
|
|
|
| LEADER |
00000cas a2200000 a 4500 |
| 001 |
vtls011824151 |
| 003 |
SK-MaSNL |
| 005 |
20260228164448.0 |
| 008 |
181120d20182018xo x 0 b0slo |
| 015 |
|
|
|a SNBB2018-(1/2018)
|
| 020 |
|
|
|a 9788097242411 (brož. : I/2018)
|
| 040 |
|
|
|a SNK
|b slo
|c SNK
|e AACR2
|
| 041 |
0 |
|
|a slo
|
| 043 |
|
|
|a e-xo---
|
| 044 |
|
|
|a xo
|c SK
|
| 072 |
|
7 |
|a 908
|x Štúdium oblastí a lokalít všeobecne
|2 konspekt
|
| 072 |
|
7 |
|a 069
|x Múzeá. Muzeológia. Múzejníctvo. Výstavy
|2 konspekt
|
| 080 |
|
|
|a (437.6)
|2 2011
|
| 080 |
|
|
|a 908
|2 2011
|
| 080 |
|
|
|a 39
|2 2011
|
| 080 |
|
|
|a 069
|2 2011
|
| 080 |
|
|
|a (036)
|2 2011
|
| 245 |
0 |
0 |
|a Horné Kysuce
|b vlastivedný občasník hornokysuckého regiónu
|
| 260 |
|
|
|a Turzovka
|b Mestské múzeum Karola Točíka v Turzovke
|c 2018
|
| 300 |
|
|
|a 1 zv.
|c 30 cm
|
| 310 |
|
|
|a Nepravidelne
|
| 362 |
0 |
|
|a Roč. I (2018)
|
| 504 |
|
|
|a Bibliografické odkazy ; poznámky
|
| 610 |
2 |
7 |
|a Mestské múzeum Karola Točíka (Turzovka, Slovensko)
|2 SNKKA
|9 180751
|
| 650 |
0 |
7 |
|a vlastiveda
|2 SNKPH
|9 3887
|
| 650 |
0 |
7 |
|a etnografia
|2 SNKPH
|9 950
|
| 650 |
0 |
7 |
|a History and geography
|2 SNKPHeng
|9 265657
|
| 650 |
0 |
7 |
|a Ethnography
|2 SNKPHeng
|9 265262
|
| 650 |
0 |
7 |
|a múzeá
|2 SNKPH
|9 4119
|
| 650 |
0 |
7 |
|a Museums
|2 SNKPHeng
|9 265072
|
| 651 |
|
7 |
|a Kysuce (Slovensko : región)
|2 SNKPHgeo
|9 165903
|
| 651 |
|
7 |
|a Kysuce (Slovakia : region)
|2 SNKPHeng
|9 116624
|
| 655 |
|
7 |
|a informačné publikácie
|2 SNKPH
|9 70181
|
| 655 |
|
7 |
|a Information publications
|2 SNKPHeng
|9 265188
|
| 910 |
|
|
|a snk
|
| 916 |
|
|
|a 2018
|
| 919 |
|
|
|a 978-80-972424-1-1
|
| 999 |
|
|
|c 13698
|d 15628
|
| 952 |
|
|
|0 0
|1 0
|4 0
|7 1
|8 0
|a SNK
|b SNK
|d 2018-11-20
|f 1
|i snk2018/24604
|l 0
|o snkČSB 6875/1/2018
|p 17A1339681
|r 2026-02-21 22:06:15
|w 2026-02-21
|y NEVYP
|
| 952 |
|
|
|0 0
|1 0
|4 0
|7 0
|8 0
|a SNK
|b SNK
|d 2018-11-20
|i snk2018/24607
|l 0
|o snkČSB 6875/1/2018 D1
|p 17A1339682
|r 2026-02-21 22:06:15
|w 2026-02-21
|y PREZ
|